000 00731nam a2200217Ia 4500
003 GCL
008 140319s9999 xx 000 0 ara d
040 _aGCL /
_cGCL
082 0 4 _a819
_bج ع
100 1 _aصابر ادريس (تحقيق)
245 1 0 _aالعبر والاعتبار /
_cصابر ادريس (تحقيق)
700 1 _aالجاحظ : ابوعثمان عمرو بن بحر محبوب
260 _aالقاهرة :
_bالعربى للنشر والتوزيع ،
_c1994
300 _a196 ص ؛
_c24 سم
490 _aسلسلة عيون التراث
_v0
650 0 4 _aالاسلام
650 0 4 _aالاسلام والعلم
650 0 4 _aالتوحيد
650 0 4 _aعلم الكلام
942 _2ddc
_cBK
999 _c33339
_d33339